| Tag |
First Indicator |
Second Indicator |
Subfields |
| LEADER |
00000cam a2200000 a 4500 |
| 001 |
in00002575304 |
| 005 |
20151201152301.0 |
| 008 |
091103s2010 mdu bd 000 0 eng |
| 010 |
|
|
|a 2009046613
|
| 020 |
|
|
|a 9780810861916 (cloth : alk. paper)
|
| 020 |
|
|
|a 0810861917 (cloth : alk. paper)
|
| 020 |
|
|
|a 9780810874527 (ebook)
|
| 020 |
|
|
|a 0810874520 (ebook)
|
| 035 |
|
|
|a (OCoLC)ocn463454702
|
| 035 |
|
|
|a (OCoLC)463454702
|
| 040 |
|
|
|a DLC
|c DLC
|d YDX
|d YDXCP
|d KAT
|d BWX
|d UtOrBLW
|
| 043 |
|
|
|a a-mp---
|
| 049 |
|
|
|a TXAM
|
| 050 |
0 |
0 |
|a DS798.5
|b .S36 2010
|
| 082 |
0 |
0 |
|a 951.7/3003
|2 22
|
| 100 |
1 |
|
|a Sanders, Alan J. K.
|
| 245 |
1 |
0 |
|a Historical dictionary of Mongolia /
|c Alan J.K. Sanders.
|
| 250 |
|
|
|a 3rd ed.
|
| 264 |
|
1 |
|a Lanham, Md. :
|b Scarecrow Press,
|c [2010]
|
| 264 |
|
4 |
|c ©2010
|
| 300 |
|
|
|a lxxviii, 870 pages ;
|c 23 cm.
|
| 336 |
|
|
|a text
|b txt
|2 rdacontent
|
| 337 |
|
|
|a unmediated
|b n
|2 rdamedia
|
| 338 |
|
|
|a volume
|b nc
|2 rdacarrier
|
| 490 |
1 |
|
|a Historical dictionaries of Asia, Oceania, and the Middle East ;
|v no. 74
|
| 504 |
|
|
|a Includes bibliographical references.
|
| 651 |
|
0 |
|a Mongolia
|x History
|v Dictionaries.
|
| 650 |
|
0 |
|a Mongols
|x History
|v Dictionaries.
|
| 830 |
|
0 |
|a Historical dictionaries of Asia, Oceania, and the Middle East ;
|v 74.
|
| 938 |
|
|
|a YBP Library Services
|b YANK
|n 3143348
|
| 938 |
|
|
|a Blackwell Book Service
|b BBUS
|n R6851726
|c $175.00
|
| 945 |
|
|
|a PromptCat
|b 15368
|
| 946 |
|
|
|a stk
|
| 947 |
|
|
|a A14840178688
|
| 994 |
|
|
|a 92
|b TXA
|
| 948 |
|
|
|a Cataloged
|b h
|c 2010/7/1
|d c
|e ibarton
|
| 999 |
|
|
|a MARS
|
| 999 |
f |
f |
|s bb90d280-5875-3a34-94bd-6c2385257c2a
|i 8cf0d0de-034a-30ac-b423-b49a1091f6b6
|t 0
|
| 952 |
f |
f |
|p normal
|a Texas A&M University
|b College Station
|c Sterling C. Evans Library
|d Evans: Library Stacks
|t 0
|e DS798.5 .S36 2010
|h Library of Congress classification
|i unmediated -- volume
|m A14840178688
|
| 998 |
f |
f |
|a DS798.5 .S36 2010
|t 0
|l Evans: Library Stacks
|